| 000 | 01639nac a22003851i 4500 | ||
|---|---|---|---|
| 003 | EG-ScBUE | ||
| 005 | 20250309105908.0 | ||
| 008 | 160926s2004 ii a f 001 0 eng d | ||
| 020 | _a0070380457 (pbk.) | ||
| 020 | _a007463710X | ||
| 020 | _a9780074637104 | ||
| 040 |
_aEG-ScBUE _beng _erda _cEG-ScBUE _dEG-ScBUE |
||
| 082 | 0 | 4 |
_a512.02 _bLIP _222 |
| 100 | 1 |
_aLipschutz, Seymour, _eauthor. |
|
| 245 | 1 | 0 |
_aSchaum’s outline of theory and problems of discrete mathematics / _cSeymour Lipschutz, Ph.D., Temple university, Marc Lars Lipson, Ph.D., university of Georgia. |
| 246 | 3 | 0 | _aTheory and problems of discrete mathematics |
| 246 | 3 | 0 | _aDiscrete mathematics |
| 250 | _aSecond edition. | ||
| 250 | _aSeventeenth reprint edition. | ||
| 264 | 1 |
_aNew Delhi : _bTata McGraw-Hill Publishing Company Limited, _c2004. |
|
| 300 |
_aix, 528 pages : _billustrations ; _c28 cm. |
||
| 336 |
_2rdacontent _atext _btxt |
||
| 337 |
_aunmediated _2rdamedia _bn |
||
| 338 |
_avolume _bnc _2rdacarrier |
||
| 490 | 0 | _aSchaum's outline series | |
| 500 | _aIncludes index. | ||
| 650 | 7 |
_aAlgebra, Abstract _xOutlines, syllabi, etc. _2BUEsh |
|
| 650 | 7 |
_aCombinatorial analysis _xOutlines, syllabi, etc. _2BUEsh |
|
| 650 | 7 |
_aLogic, Symbolic and mathematical _xOutlines, syllabi, etc. _2BUEsh |
|
| 700 | 1 |
_aLipson, Marc, _eauthor. |
|
| 856 | 4 | 2 |
_3Contributor biographical information _uhttp://www.loc.gov/catdir/bios/mh041/97019341.html |
| 856 | 4 | 2 |
_3Publisher description _uhttp://www.loc.gov/catdir/description/mh023/97019341.html |
| 856 | 4 | 2 |
_3Table of contents _uhttp://www.loc.gov/catdir/toc/mh022/97019341.html |
| 942 |
_cBB _k512.02LIP _2ddc |
||
| 999 |
_c1218 _d1218 |
||